Estadísticas para Países de Asia con Dos o más Palabras

Haz click aquí para tomar la prueba!

Estadísticas generales

  • Esta prueba ha sido tomada 5.196 veces
  • La puntuación promedio es 5 de 6

Estadísticas de respuestas

País% Correcto
Corea del Norte
94%
Corea del Sur
94%
Arabia Saudita
84%
Sri Lanka
83%
Emiratos Árabes Unidos
79%
Timor Oriental
72%

Distribución de puntuación

Porcentaje por número respondido

Porcentaje de gente con cada puntuación

Historial de tus puntuaciones

No has tomado esta prueba